Pokemon commençant par la lettre F - Gen 1 à 9 - Statistiques

Statistiques générales
  • Ce quiz a été pris 43 fois
    39 depuis la dernière actualisation
  • Le résultat moyen est 26 sur 60
Statistiques - réponses
Réponse % Correct
Fantominus
74%
Flabébé
70%
Florges
70%
Feunnec
65%
Floette
65%
Farfuret
61%
Feurisson
61%
Flamiaou
61%
Fantyrm
57%
Fermite
57%
Feuillajou
57%
Flamajou
57%
Flotajou
57%
Funécire
57%
Farfaduvet
52%
Feuiloutan
52%
Feunard
52%
Flamoutan
52%
Flotoutan
52%
Félinferno
48%
Férosinge
48%
Feuforeve
48%
Flambino
48%
Flambusard
48%
Fragilady
48%
Farigiraf
43%
Florizarre
43%
Flotillon
43%
Fourbelin
43%
Flamigator
39%
Frison
39%
Fulgulairo
39%
Fulguris
39%
Furaiglon
39%
Famignol
35%
Farfurex
35%
Ferdeter
35%
Flamenroule
35%
Fort-Ivoire
35%
Fragroin
35%
Frigodo
35%
Frissonille
35%
Fulgudog
35%
Flagadoss
30%
Flingouste
30%
Flobio
30%
Floramantis
30%
Flotte-Mèche
30%
Fluvetin
30%
Forgelina
30%
Forgella
30%
Forgerette
30%
Froussardine
30%
Floravol
26%
Fongus-Furie
26%
Foretress
26%
Fouinette
26%
Filentrappe
22%
Floréclat
22%
Fouinar
22%
Aucun quiz correspondant
Distribution des résultats
% des personnes avec chaque résultat
Percentile par nombre de réponses
Votre historique - résultats
Vous n’avez pas pris ce quiz depuis la dernière actualisation